000 00968nam a2200229 4500
001 145344
003 ES-MaACL
005 20230906201219.0
007 t|
008 070214s1932 sp r ||||1| cat d
100 1 _aSoriano Garcés, V.
_9107393
245 1 0 _aEstudio de algunos minerales de Espluga de Francolí (Tarragona) /
_cper V. Soriano Garcés.
260 _aBarcelona :
_bMuseu de Ciènces Naturals,
_c1932 (
_fImp. Elzeviriana)
300 _a26 p. :
_bil. ;
_c24 cm.
490 1 _aTraballs del Museu de Ciències Naturals de Barcelona. Serie mineralógica ;
_v9
500 _aPrecede al tít.: Publicaciones de la Junta de Ciencias Naturales de Barcelona.
710 2 _aMuseu de Ciències Naturals de la Ciutadella.
_95939
710 2 _aJunta de Ciencias Naturales de Barcelona.
_95383
830 0 _aTraballs del Museu de Ciències Naturals de Barcelona. Serie mineralógica ;
_v9
_9220754
852 _aES-MaACL
_j1961-F-22
999 _c145344
_d145344